| 000 | | | 06156cbm0a2200289#x 450 |
| 001 | | | dfe7e53e-74f9-4ddf-ad29-3f8837cf2251 |
| 005 | | | 20230313115745.0 |
| 100 | ## | $a | 20200423j19351106k###0rusy50 ca |
| 101 | 0# | $a | rus |
| 102 | ## | $a | GB |
| 122 | 0# | $a | d19351106## |
| 200 | 1# | $a | Шифртелеграмма полпреда СССР в Великобритании И. М. Майского в НКИД СССР о беседе с министром иностранных дел Великобритании С. Хором о перспективах урегулирования итало-абиссинского конфликта, деятельности Лиги наций и санкциях против Италии |
| | $j | 6 ноября 1935 г. |
| 251 | ## | $c | Документ |
| 300 | ## | $a | Заверенная копия |
| 461 | #0 | $1 | 2001 |
| | $a | Ф. 059 |
| | $1 | 251 |
| | $c | Фонд |
| | $1 | 852 |
| | $j | 059 |
| 462 | #0 | $1 | 2001 |
| | $a | Оп. 1. П. 193 |
| | $1 | 251 |
| | $c | Опись |
| | $1 | 852 |
| | $j | 1. П. 193 |
| 462 | #0 | $1 | 2001 |
| | $a | Д. 1426 |
| | $v | Л. 149-152 |
| | $1 | 251 |
| | $c | Дело |
| | $1 | 852 |
| | $j | 1426 |
| 605 | ## | $a | Вторая мировая война в архивных документах (Комплекс оцифрованных архивных документов, кино- и фотоматериалов) |
| | $l | коллекция |
| | $2 | acquisition_Prlib |
| | $3 | LIBNET\UAF\0000088514 |
| 605 | ## | $a | Россия и страны Африки: из истории взаимоотношений |
| | $l | коллекция |
| | $2 | acquisition_Prlib |
| | $3 | LIBNET\UAF\0000106523 |
| 617 | ## | $2 | prlib_sh |
| | $a | СССР |
| | $f | 1935 |
| 617 | ## | $2 | prlib_sh |
| | $a | Великобритания |
| | $f | 1935 |
| 617 | ## | $2 | prlib_sh |
| | $a | Италия |
| | $f | 1935 |
| 617 | ## | $2 | prlib_sh |
| | $a | Абиссиния |
| | $f | 1935 |
| 801 | #0 | $a | RU |
| | $b | ПБ им. Б.Н. Ельцина |
| | $c | 20200423 |
| 801 | #1 | $a | RU |
| | $b | ПБ им. Б.Н. Ельцина |
| | $c | 20200423 |
| | $2 | rusmarc |
| 801 | #2 | $a | RU |
| | $b | ПБ им. Б.Н. Ельцина |
| | $c | 20200427 |
| | $2 | rusmarc |
| 850 | ## | $a | Архив внешней политики Российской Федерации |
| 852 | ## | $a | АВП РФ |
| | $j | Л. 149-152 |
| 035 | ## | $a | LIBNET\0001070140 |
| 937 | ## | $d | 144166059 |
| | $h | Федеральное архивное агентство |
| 856 | 4# | $u | http://readingroom.main.prlib.ru/item.aspx?id_node=n144166059&mode=full |
| 606 | 1# | $a | Итало-эфиопская война |
| | $z | 1935-1936 |
| | $x | Позиция СССР |
| | $j | Документы и материалы |
| | $2 | prlib_sh |
| | $3 | LIBNET\UAF\0000096794 |
| 606 | 1# | $2 | prlib_sh |
| | $3 | LIBNET\UAF\0000096848 |
| | $a | Итало-эфиопская война |
| | $z | 1935-1936 |
| | $x | Позиция Великобритании |
| | $j | Документы и материалы |
| 601 | 02 | $2 | prlib_sh |
| | $3 | LIBNET\UAF\0000096789 |
| | $a | Лига наций |
| | $x | История |
| | $z | 1935 |
| | $j | Документы и материалы |
| 686 | ## | $2 | rubbk |
| | $a | 63.3(2)614-6ю11 |
| | $v | LBC/M |
| 686 | ## | $2 | rubbk |
| | $a | 63.3(4Вел)61-6ю11 |
| | $v | LBC/M |
| 686 | ## | $2 | rubbk |
| | $a | 63.3(4Ита)612-6ю11 |
| | $v | LBC/M |
| 686 | ## | $2 | rubbk |
| | $a | 63.3(6Эфи) |
| | $v | LBC/M |